<?xml version="1.0" encoding="UTF-8"?>
<collection xmlns="http://www.loc.gov/MARC21/slim">
    <record>
        <controlfield tag="001">4147</controlfield>
        <controlfield tag="005">20190219123706.0</controlfield>
        <datafield tag="021" ind1=" " ind2=" ">
            <subfield code="a">978-84-692-6296-2</subfield>
            <subfield code="a">978-84-692-6296-2</subfield>
        </datafield>
        <datafield tag="037" ind1=" " ind2=" ">
            <subfield code="a">TESIS-2009-082</subfield>
        </datafield>
        <datafield tag="041" ind1=" " ind2=" ">
            <subfield code="a">spa</subfield>
        </datafield>
        <datafield tag="100" ind1="1" ind2=" ">
            <subfield code="a">Del Rio Martinez, Pilar</subfield>
        </datafield>
        <datafield tag="245" ind1="0" ind2="0">
            <subfield code="a">Morbilidad cardiovascular en la artritis reumatoide</subfield>
            <subfield code="b">parametros de la enfermedad y su posible relacion con el riesgo cardiovascular</subfield>
        </datafield>
        <datafield tag="260" ind1=" " ind2=" ">
            <subfield code="a">Zaragoza</subfield>
            <subfield code="b">Universidad de Zaragoza</subfield>
            <subfield code="c">2008</subfield>
        </datafield>
        <datafield tag="300" ind1=" " ind2=" ">
            <subfield code="a">244</subfield>
        </datafield>
        <datafield tag="500" ind1=" " ind2=" ">
            <subfield code="a">Presentado:  21 11 2008</subfield>
        </datafield>
        <datafield tag="502" ind1=" " ind2=" ">
            <subfield code="a">Tesis-Univ. Zaragoza</subfield>
            <subfield code="b">Zaragoza, Universidad de Zaragoza</subfield>
            <subfield code="c">2008</subfield>
        </datafield>
        <datafield tag="506" ind1=" " ind2=" ">
            <subfield code="a">by-nc-nd</subfield>
            <subfield code="b">Creative Commons</subfield>
            <subfield code="c">3.0</subfield>
            <subfield code="u">https://creativecommons.org/licenses/by-nc-nd/3.0/</subfield>
        </datafield>
        <datafield tag="520" ind1=" " ind2=" ">
            <subfield code="a">En general se ha observado un incremento de la morbi-mortalidad cardiovascular en pacientes con Artritis Reumatoide (AR) atribuible a factores de riesgo clásicos y, principalmente, a la inflamación persistente propia de la enfermedad que condicionaría una aterosclerosis acelerada. Hemos analizado retrospectivamente las características clínicas y analíticas de la enfermedad en un grupo de pacientes seguidos en un Hospital de Tercer Nivel desde el debút de la artritis, así como su morbilidad cardiovascular.   Relacionamos los parámetros de la enfermedad con la morbilidad cardiovascular observando que los factores de riesgo cardiovascular clásicos están infratratados en los pacientes con AR de nuestra muestra. El sexo femenino es un factor protector para ECV, mientras que el sexo masculino, edad superior de inicio de los síntomas, de diagnóstico y actual y la forma de inicio poliarticular, así como la HTA, se correlacionan significativamente con mayor probabilidad de ECV.</subfield>
        </datafield>
        <datafield tag="653" ind1="1" ind2=" ">
            <subfield code="a">Artritis Reumatoide</subfield>
        </datafield>
        <datafield tag="653" ind1="1" ind2=" ">
            <subfield code="a">Rheumatoid Arthritis</subfield>
        </datafield>
        <datafield tag="653" ind1="1" ind2=" ">
            <subfield code="a">Inflamacion</subfield>
        </datafield>
        <datafield tag="653" ind1="1" ind2=" ">
            <subfield code="a">Inflammation</subfield>
        </datafield>
        <datafield tag="653" ind1="1" ind2=" ">
            <subfield code="a">Enfermedad Cardiovascular</subfield>
        </datafield>
        <datafield tag="653" ind1="1" ind2=" ">
            <subfield code="a">Cardiovascular Disease</subfield>
        </datafield>
        <datafield tag="700" ind1=" " ind2=" ">
            <subfield code="a">Rubio Calvo, Emilio</subfield>
            <subfield code="e">dir.</subfield>
        </datafield>
        <datafield tag="710" ind1="2" ind2=" ">
            <subfield code="a">Universidad de Zaragoza</subfield>
            <subfield code="b">Microbiología, Medicina Preventiva y Salud Pública</subfield>
        </datafield>
        <datafield tag="856" ind1="0" ind2=" ">
            <subfield code="f">zaguan@unizar.es</subfield>
        </datafield>
        <datafield tag="856" ind1="4" ind2=" ">
            <subfield code="s">2594697</subfield>
            <subfield code="u">http://zaguan.unizar.es/record/4147/files/TESIS-2009-082.pdf</subfield>
            <subfield code="z">Texto completo (spa)</subfield>
        </datafield>
        <datafield tag="909" ind1="C" ind2="O">
            <subfield code="o">oai:zaguan.unizar.es:4147</subfield>
        </datafield>
        <datafield tag="909" ind1="c" ind2="o">
            <subfield code="p">tesis</subfield>
        </datafield>
        <datafield tag="909" ind1="C" ind2="O">
            <subfield code="p">driver</subfield>
        </datafield>
        <datafield tag="910" ind1="2" ind2=" ">
            <subfield code="a"></subfield>
            <subfield code="b">Microbiología, Medicina Preventiva y Salud Pública</subfield>
        </datafield>
        <datafield tag="980" ind1=" " ind2=" ">
            <subfield code="a">TESIS</subfield>
        </datafield>
    </record>

    
</collection>